| 000 | 00896nam a2200265 i 4500 | ||
|---|---|---|---|
| 003 | DO-SdBNP | ||
| 005 | 20250702102125.0 | ||
| 007 | ta | ||
| 008 | 240918s1997 xxuc 000 0 spa d | ||
| 020 | _a0824209060 | ||
| 040 |
_aDO-SdBNP _bspa _cBNPHU _erda |
||
| 082 |
_bN744 _222 |
||
| 245 | 0 | 0 |
_aNobel prize winners 1992-1996 supplement : _ban H. W. Wlinson biographical dictionary / _cedición Clifford Thompson |
| 264 | 1 |
_aNueva York : _bH.W. Wilson company, _c1997. |
|
| 300 |
_a165 páginas, _bretratos _c26 cm. |
||
| 336 |
_2rdacontent _atexto _btxt |
||
| 337 |
_2rdamedia _asin mediación _bn |
||
| 338 |
_2rdacarrier _avolumen _bnc |
||
| 500 | _aEl libro tiene un error de encuadernación. | ||
| 504 | _aIncluye referencias bibliográficas. | ||
| 590 | _aInventariado, 2024/ YL | ||
| 700 | 1 |
_4ed. _aThompson, Clifford. _eedición _986613 |
|
| 910 | _aYLockward | ||
| 942 |
_2ddc _cLBS1 |
||
| 999 |
_c57713 _d57713 |
||